00293nam a2200145Ia 4500008004000000041000800040082001200048100001300060245002100073260002000094650000900114650000800123650000900131650000700140210210b1951 xxu||||| |||| 00| 0 eng d aeng a425/140 aHUNT (C) aTalk of the town aLondonb-c1951 atown athe aTalk aof